00485nam a2200145Ia 4500008004100000040001800041041000800059100002900067245008500096260004400181300001800225600005000243700002500293700002100318130821s1928 fr gr dfre  aCo-BoUCMbspa afre aZweig, Stefand1881-1942 aTolstoicStefan Zweig ; traduit de l'allemand par Alzir Hella et Olivier Bournac aParís (Francia)bVictor Ahingerc1928 a233 páginas aTolstoi, LeoncConded1828-1910vBiografías aBournac, OliviereTr aHella, AlzireTr